| 000 | 01298naa a22003377a 4500 | ||
|---|---|---|---|
| 001 | BR9404385 | ||
| 003 | BR-BrBNA | ||
| 005 | 20240918181236.0 | ||
| 007 | ta | ||
| 008 | 230509b bl.||||| |||| 00| 0 por d | ||
| 040 |
_aBR-BrBNA _bpor _cBiblioteca Nacional de Agricultura |
||
| 041 | _a(Pt) | ||
| 072 | _aF07; P36 | ||
| 090 | _aF07 BR9404385 | ||
| 100 | 1 | _aPozo, A. Del | |
| 100 | 1 | _aRiquelme, J. | |
| 100 | 1 | _aJeldres, D.I. | |
| 100 | 1 | _aAliaga, C. | |
| 111 | 1 |
_a1. Encontro Latino Americano sobre Plantio Direto na Pequena Propriedade _cPonta Grossa, PR (Brazil) _d22-26 Nov 1993 |
|
| 245 | 1 | _aPerdidas de suelo por erosion hidrica en tres sistemas de labranza en el secano interior de la zona mediterranea de Chile | |
| 260 | 3 |
_aLondrina, PR (Brasil): _c1993. |
|
| 500 | _a1. Encontro Latino Americano sobre Plantio Direto na Pequena Propriedade. Anais Londrina, PR (Brasil): 1993. p. 417-422 (BR9404385-AM)F07 | ||
| 650 | _aCultivo do Solo | ||
| 650 | _aPlantio Direto | ||
| 650 | _aErosao Hidrica | ||
| 650 | _aConservacao do Solo | ||
| 650 | _aChile | ||
| 773 | 0 |
_t1. Encontro Latino Americano sobre Plantio Direto na Pequena Propriedade. Anais _wF07 BR9404385 _gLondrina, PR (Brasil), 1993. p. 417-422 |
|
| 909 |
_a202404 _bLucia _c55 _dLucia Elande |
||
| 942 |
_cAM _2AGRIS |
||
| 999 |
_c324292 _d324292 |
||